Normal view
MARC view
- Heydt, Michael
Entry Personal Name
001 - CONTROL NUMBER
- control field: 7133
003 - CONTROL NUMBER IDENTIFIER
- control field: BD-DhIUB
005 - DATE AND TIME OF LATEST TRANSACTION
- control field: 20260415103515.0
008 - FIXED-LENGTH DATA ELEMENTS
- fixed length control field: 260415|| aca||aabn | a|a d
040 ## - CATALOGING SOURCE
- Original cataloging agency: BD-DhIUB
100 ## - HEADING--PERSONAL NAME
- Personal name: Heydt, Michael